Statistiques concernant Chanteur(s) et groupes et leurs albums

Cliquez ici pour prendre le quiz!

Statistiques générales

  • Ce quiz a été pris 525 fois
  • Le résultat moyen est 25 sur 80

Statistiques - réponses

AnnéeTitreArtiste(s)% Correct
1983ThrillerMichael Jackson
88%
1984Like A VirginMadonna
87%
1974WaterlooABBA
77%
1976Hotel CaliforniaEagles
75%
1991NevermindNirvana
75%
1967Sgt Pepper's Hearts Club BandThe Beatles
75%
1980Back in BlackAC/DC
74%
1986The Final CountdownEurope
69%
2006Back to BlackAmy Winehouse
68%
2008Viva la Vida or Death and All His FriendsColdplay
67%
1987FaithGeorge Michael
67%
2012The Truth About LovePink
66%
1977Saturday Night FeverBee Gees
61%
1969Space OddityDavid Bowie
60%
1973The Dark Side of the MoonPink Floyd
60%
1968Beggars BanquetThe Rolling Stones
59%
201121Adele
58%
2004American IdiotGreen Day
57%
2011Born This WayLady Gaga
57%
1975A Night at the OperaQueen
57%
1976Rastaman VibrationBob Marley and The Wailers
51%
2010Teenage DreamKaty Perry
45%
1989Sleeping With The PastElton John
43%
2013Random Access MemoriesDaft Punk
42%
1984Ride the LightningMetallica
40%
2009She WolfShakira
39%
2001Origin of SymmetryMuse
38%
2010LoudRihanna
37%
1986True ColorsCindy Lauper
36%
2009RelapseEminem
35%
1971Who's NextThe Who
33%
1987Apetite for DestructionGuns N' Roses
32%
1984The Unforgettable FireU2
32%
1998BelieveCher
29%
2003MeteoraLinkin Park
28%
1986Invisible TouchGenesis
26%
1973Houses of the HolyLed Zeppelin
26%
1974Get Your WingsAerosmith
25%
1973Piano ManBilly Joel
24%
1989... But SeriouslyPhil Collins
24%
1996Falling Into YouCéline Dion
22%
1971Machine HeadsDeep Purple
22%
2002JustifiedJustin Timberlake
22%
1984Love at First StingScorpions
21%
2013willpowerwill.i.am
20%
2002Pop LifeDavid Guetta
18%
1973Raised on RockElvis Presley
18%
1988Seventh Son of a Seventh SonIron Maiden
18%
2013Doo-Wops & HooligansBruno Mars
17%
1991EmotionsMariah Carey
17%
2003FallenEvanescence
16%
2012Night VisionsImagine Dragons
15%
1986Slippery When WetBon Jovi
14%
1986SoPeter Gabriel
14%
1981Speak and SpellDepeche Mode
13%
2013BangerzMiley Cyrus
13%
2010Hands All OverMaroon 5
12%
2012Take the CrownRobbie Williams
12%
1968DelilahTom Jones
12%
1990I'm Your Baby TonightWhitney Houston
12%
1987KickINXS
11%
2005RebirthJennifer Lopez
11%
19841984Van Halen
11%
1979Go WestVillage People
11%
1978The Kick InsideKate Bush
10%
1986Dancing on the CeilingLionel Richie
10%
1986NotoriousDuran Duran
9%
1984Welcome to the PleasuredomeFrankie Goes To Hollywood
9%
1980GuiltyBarbra Streisand
8%
2010Some Kind of TroubleJames Blunt
7%
2014In the Lonely HourSam Smith
7%
1983Sparkle in The RainSimple Minds
7%
1993Promises and LiesUB40
7%
1981To Love AgainDiana Ross
6%
2009R.O.O.T.SFlo Rida
6%
1978Love TracksGloria Gaynor
6%
2013NativeOneRepublic
6%
1998Human BeingSeal
6%
1985Picture BookSimply Red
6%
1984Slide It InWhitesnake
5%

Distribution des résultats

Percentile par nombre de réponses

% des personnes avec chaque résultat

Votre développement - résultats

Vous n’avez pas pris ce quiz